000 00744nam a22002417a 4500
001 000426
003 DO-SdBNP
005 20171212120734.0
007 000426
008 160728b 1979 ve ||||| |||| 00| 0 spa d
040 _aBPMSU
_bspa
_cBPMSU
092 _axxxxx
_bxxxxx
100 1 _aJiménez Ure, Alberto
245 1 0 _aAcertijos /
_cAlberto Jiménez Ure ; prólogo Juan Calzadilla
260 _a[Mérida, Venezuela] :
_bUniversidad de Los Andes, Consejo de Publicaciones,
_c1979.
300 _a93 p. ;
_c18 cm.
490 1 _aActual
_aFicción
700 1 2 _aCalzadilla, Juan,
_epról.
830 _aActual ;
_pFicción
942 _2ddc
_cBK
945 _ainventariado extranjero / DG
956 _2LOPEREZ
_310
_620160728
_8BPMSU
_a00041
999 _c11049
_d11049